| 000 | 00504nam a2200169Ia 4500 | ||
|---|---|---|---|
| 003 | IN-BaIIA | ||
| 008 | 211028s9999 xx s 000 0 eng d | ||
| 020 | _a9780819475619 (Print) | ||
| 020 | _a9780819491145 (Online) | ||
| 040 | _cIIA Library | ||
| 100 |
_aTyson, Robert K. _917742 |
||
| 245 | 0 |
_aLighter Side of Adaptive Optics _h[eBook] |
|
| 260 |
_aWashington, USA _bSPIE _c2009 |
||
| 300 | _aOnline resource | ||
| 856 |
_uhttps://doi.org/10.1117/3.2054334 _yClick Here to Access eBook |
||
| 942 | _cEB | ||
| 999 |
_c22333 _d22333 |
||